|
|
|
|
| LEADER |
00000nam a2200000 a 4500 |
| 001 |
UCL1401 |
| 003 |
CL-VaPUC |
| 005 |
20220616103555.0 |
| 008 |
030905e19950000SP |||||||||||||||||spa|d |
| 999 |
|
|
|c 305013
|d 305011
|
| 020 |
|
|
|a 8429179267
|
| 040 |
|
|
|c Pontificia Universidad Católica de Valparaíso
|
| 082 |
0 |
4 |
|a 547.7 SEY 1995
|2 21
|
| 100 |
0 |
|
|a Seymour, Raimond B
|e autor
|9 478355
|
| 245 |
1 |
0 |
|a Introducción a la química de los polímeros
|
| 260 |
|
|
|a Barcelona, España:
|b Reverté,
|c 1995.
|
| 300 |
|
|
|a 712 páginas
|
| 583 |
|
|
|a last modification
|c 20030905 00:00:00
|k Rodrigo Vera
|
| 650 |
|
0 |
|a Polímeros
|9 271736
|
| 650 |
|
0 |
|a Moléculas
|9 259584
|
| 650 |
|
7 |
|a Polimerización
|2 CL-VaPUC
|9 313729
|
| 650 |
|
0 |
|a Estructura molecular
|9 306892
|
| 650 |
|
7 |
|a Química de los polimeros
|2 CL-VaPUC
|9 360182
|
| 650 |
|
0 |
|a Tecnología química
|9 263002
|
| 700 |
0 |
|
|a Carraher, Charles E
|e author
|9 478356
|
| 942 |
|
|
|c BK
|2 ddc
|
| 945 |
|
|
|d 20030905 00:00:00
|a cmena
|
| 952 |
|
|
|0 0
|1 0
|4 0
|6 547_700000000000000_SEY_1995
|7 0
|8 A
|9 367933
|a BIBCUR
|b BIBCUR
|d 2019-11-21
|i 3937690
|l 7
|m 2
|o 547.7 SEY 1995
|p 3937690
|r 2025-04-22
|s 2024-03-22
|w 2019-11-21
|y BK
|k BCB
|
| 952 |
|
|
|0 0
|1 0
|2 ddc
|4 0
|6 547_700000000000000_SEY_1995
|7 0
|8 A
|9 583785
|a BIBCUR
|b BIBCUR
|c GEN
|d 2022-06-16
|i 3779246
|l 3
|m 2
|o 547.7 SEY 1995
|p 3779246
|r 2025-04-22
|s 2024-04-19
|t 2
|w 2022-06-16
|y BK
|k QUI
|